| 000 | 00504nam a2200181Ia 4500 | ||
|---|---|---|---|
| 005 | 20250326124652.0 | ||
| 008 | 250326s9999 xx 000 0 und d | ||
| 037 | _aTextbook | ||
| 040 |
_aFMSL _beng _cFMSL |
||
| 041 |
_aeng _2eng |
||
| 084 |
_aX:87 J9;K0 _qFMSL |
||
| 100 |
_aDimock M E _9342501 |
||
| 245 | 0 |
_aAdministrative vitality _cDimock M E |
|
| 260 |
_aLondon _bLondon, Routledge and Kegan Paul _c1960 |
||
| 300 | _a298p | ||
| 942 |
_cTB _hX:87 J9;K0 |
||
| 999 |
_c1274661 _d1274661 |
||